[Event "Euwe Intern 2006-2007"]
[Site "?"]
[Date "2007.05.10"]
[Round "2.14"]
[White "Witt, Rob"]
[Black "Lesman, Francis"]
[Result "1/2-1/2"]
[WhiteElo "2220"]
[BlackElo "2152"]
[PlyCount "103"]
[EventDate "2007.??.??"]

{Om nog een kans te maken op de playoffs moest ik vandaag winnen van Francis
Lesman. Op een bedrijfsborrel voorafgaand aan de partij had ik me deze keer
beperkt tot twee biertjes om een afgang zoals tegen Jos ten Hacken twee weken
eerder, te voorkomen. Desondanks verliep de partij uiterst wisselvallig.
Francis speelt de opening zwak, maar ik mis een kans op groot voordeel.
Vervolgens speel ik planloos en komt Francis in het voordeel, maar dat geeft
hij in mijn tijdnood weer weg. De uitvluggerfase is niet om aan te zien.
Francis doet een paar zelfmoordzetten en met nog 11' op de klok (Francis 4')
mis ik een opgelegd mat in vijf en een zet later weer een makkelijke winst.
Mag ik dan helemaal geen pils meer drinken?} 1. Nf3 Nf6 2. c4 g6 3. Nc3 Bg7 4.
e4 d6 5. d4 O-O 6. Be2 e5 7. O-O Nbd7 8. Be3 {Ik heb deze stelling in mijn
leven uitsluitend tegen Gertjan gespeeld, een keer of vijf, zes.} Ng4 {Dit
speelde Gertjan in de eerste turnus ook tegen mij. In eerdere partijen speelde
hijaltijd} (8... c6 9. d5 c5) 9. Bg5 f6 10. Bd2 {Tegen Gertjan verzon ik deze
loperzet. Inmiddels denk ik dat het de beste is.} Nh6 {3' Destijds verbaasde
ik me over deze vrijwillige terugtocht, maar het blijkt de meest gespeelde zet
te zijn.} 11. Qc2 {3' De beste zet.} ({Tegen Gertjan bereikte ik niet veel met
} 11. Qc1 Nf7 12. Be3) 11... exd4 $6 {13' Minder gebruikelijk en minder goed.
Betere alternatieven zijn:} (11... c6) (11... Nf7) 12. Nxd4 Re8 (12... Nc5 13.
Rad1 f5 14. Bxh6 Bxh6 15. exf5 Bxf5 16. Nxf5 Rxf5 17. b4 Nd7 18. c5 $16 {
De Boer - Bakalarz, Myslowice 1985 (42.1-0)}) 13. Rad1 {9'} a5 $6 {14' Tijdens
de partij beschouwde ik dit als een positionele blunder, maar ik weet het
helaas niet aan te tonen.} (13... c6) (13... Nc5 14. b4 Ne6) 14. Ndb5 {18'} Nf7
{17'} 15. Be3 {22'} ({Ik keek een tijdje naar het aanlokkelijke} 15. Nd5 {
maar vond het onduidelijk na bijv.} c6 16. Ndc7 cxb5 17. Nxa8 b6 18. cxb5 Nc5
$13) 15... Bf8 $2 {19' De zwarte opstelling oogt niet fris, maar ik kon geen
weerlegging vinden. Vanaf hier begin ik planloos te spelen.} ({Beter was} 15...
b6 {en opnieuw kun je je dan afvragen hoe het staat na het tweesnijdige} 16.
Nd5 c6 {bijv.} 17. Nbc7 cxd5 18. Nxa8 Nc5 (18... Ba6 $5 19. Nxb6 Nxb6 20. exd5
$13) 19. cxd5 (19. Bxc5 bxc5 20. Qb3 Rxe4 21. Bf3 $13) 19... Bd7 20. Nxb6 Qxb6
21. f4 {Zeg het maar. Oom Fritz vindt het beter voor wit en tante Rybka geeft
de voorkeur aan zwart.}) 16. Bf4 $2 {25' De bedoeling was om c6 te verhinderen,
maar er was veel beter.} ({Heel sterk was het pionoffer} 16. c5 $1 {Ik had de
zet wel gezien maar niet het idee erachter.} dxc5 17. Bc4 $1 c6 (17... Kg7 18.
Bxf7 Kxf7 19. Bf4 $16) 18. Qb3 Qe7 19. Nc7 {eveneens met groot voordeel voor
wit.}) 16... Nc5 {Zwart wil met f5 vervolgen en ik zag niks beters dan met
mijn loper terug te gaan.} 17. Be3 {35'} (17. f3 $13) 17... b6 {37'} 18. f3 {
Over 35'} (18. Nd5 c6 19. Nbc7 cxd5 20. Nxa8 dxe4 $15) (18. f4 $5 {was ik
eigenlijk van plan. Ik weet niet meer waarm ik het verworpen heb.} c6 (18...
Nxe4 $2 19. Nxe4 f5 20. Nxc7 Rxe4 21. Bxb6 Rb8 22. c5 $18) (18... Bb7 19. Bf3
$14) (18... f5 19. Bf3 fxe4 20. Nxe4 Bf5 21. Bxc5 bxc5 22. g4 $1 $14) 19. Nd4
Bd7 20. Bf3 $14) 18... Bd7 {Over 42'.} ({Op} 18... f5 {was ik van plan} 19. Qd2
{bijv.} fxe4 20. fxe4 {en ik hoopte kansen langs de f-lijn te krijgen en soms
zit Txf7 erin.}) 19. Rfe1 {23' Ik gebruikte in deze fase veel tijd zonder iets
bevredigends te zien.} c6 {34'} 20. Nd4 f5 21. Bd3 $6 {18'} (21. Nb3 $13 {
Maar ik heb deze zet niet overwogen.}) 21... Ne5 {32'} (21... Nxd3 22. Qxd3 Ne5
23. Qe2 $13) 22. Bf1 (22. Be2 fxe4 23. Nxe4 Nxe4 24. fxe4 $13 {beviel me niet.}
) 22... fxe4 23. Nxe4 Nxe4 24. Qxe4 {15'} Ng4 {30'} 25. Qd3 Nxe3 26. Rxe3 Bh6
27. Rxe8+ Qxe8 {Hier begon ik me ernstig zorgen te maken. Minder tijd en een
mindere stelling.} 28. Ne2 {13'} (28. Kh1 {een zet die toch moet, was
waarschijnlijk beter.}) 28... Be3+ {25'} ({Sterker lijkt me} 28... Bf5 $1 29.
Qxd6 Bc2 30. Ra1 Rd8 31. Qc7 Be3+ 32. Kh1 Rd2 $15 {En zwart heeft met zijn
loperpaar prachtige compensatie voor zijn pion.}) 29. Kh1 Bc5 30. Ng3 {12'} Qe5
{24'} 31. Qc2 {8' Gelukkig zag ik weer een plan. De toren moet naar f1 en dan
met de f-pion naar voren.} Re8 {18'} 32. Bd3 Kg7 33. Rf1 Qf4 {16'} 34. Ne2 {5'}
Qe3 35. f4 {4'} Bf5 $2 {Hiermee geeft Francis zijn voordeel weg.} (35... d5 $15
) (35... Rf8 $15) 36. Bxf5 Qxe2 37. Qc3+ {Misschien heeft Francis dit
tussenschaakje gemist.} Kg8 38. Bd3 Qe3 39. Qc2 Rf8 {7'} 40. g3 {3'} Rf6 $2 {
3' Na andere zetten staat het gelijk. Allebei nu een kwartier erbij.} 41. Be4
$1 $14 {17'} g5 {17'} 42. f5 ({Oom en tante hebben een lichte voorkeur voor} 
42. Bxc6 gxf4 43. Qd1 {Daar zit wel wat in, maar het is nodeloos ingewikkeld
voor een uitvluggerfase.}) 42... d5 $6 {13'} ({Een ander en misschien beter
idee is} 42... Rh6 43. Qg2 Bd4 44. Bxc6 Be5) 43. cxd5 cxd5 44. Bxd5+ Kg7 45.
Bg2 $6 {13'} ({Ik had hier de loper al vastgepakt om} 45. Be6 {te spelen.
Bijtijds zag ik echter} Qxe6 46. fxe6 Rxf1+ 47. Kg2 Rf2+ 48. Qxf2 Bxf2 49. Kxf2
Kf6 {met remise dacht ik. Achteraf zie ik nu dat wit het pionneneindspel wint
na} 50. Kf3 Kxe6 51. Kg4 Kf6 52. Kh5 Kf5 53. g4+ Kf4 54. a4 {enz.}) 45... h5 $6
{10' Verzwakt nodeloos zijn stelling of was het een winstpoging?} (45... Rh6
46. Qd1 Rd6 47. Qg4) 46. Qd1 h4 $2 {9' Overziet het schaakje op g4.} (46... Qe5
) 47. gxh4 gxh4 48. Qg4+ Kh7 $2 {6'} ({Na} 48... Kf8 {zie ik geen directe
winst.}) 49. Bd5 $1 {11' Veel sterker dan} (49. Qxh4+ Rh6 50. Qf4 Qxf4 51. Rxf4
Bd6) 49... Qd4 $2 {4' Hierna is het mat in vijf.} ({Na} 49... Kh6 50. Qxh4+ Kg7
51. Qg4+ Kh6 {heeft wit nog technische problemen te overwinnen.}) 50. Qh5+ $4 {
Wat een idioot! Heel eenvoudig was} (50. Qg8+ Kh6 51. Qh8+ Kg5 52. Qg7+ Kh5 53.
Bf3+ Qg4 54. Bxg4#) 50... Kg7 $4 {Geeft mij een nieuwe kans.} ({Noodzakelijk
was} 50... Rh6 51. Qf7+ Qg7 52. Qe8 Rf6 {en de winst is niet eenvoudig}) 51.
Rd1 $4 {7' Ik dacht niet meer dan iets als: "laat ik mijn toren eerst aktiever
zetten voordat ik aan de schaakjes begin".} ({Opnieuw eenvoudig was} 51. Qg5+
Kf8 52. Qg8+ Ke7 53. Re1+ Kd7 54. Be6+ Ke7 55. Bc8+ Kd6 56. Bb7 {enz.}) 51...
Rxf5 $1 {Een koude douche.} ({Na} 51... Qf4 {was het trouwens ook niks meer
voor wit.}) 52. Rxd4 {met remiseaanbo d. Hiermee zijn mijn kansen op de
playoffs wel verkeken. Temeer omdat er plotseling nog maar één ronde te gaan
is in plaats van de afgesproken twee.} 1/2-1/2

[Event "Euwe-Purmerend 71/2-21/2"]
[Site "?"]
[Date "2007.05.12"]
[Round "9"]
[White "Witt, Rob"]
[Black "Hopman, Pieter"]
[Result "1-0"]
[WhiteElo "2220"]
[BlackElo "2283"]
[Annotator "Witt"]
[PlyCount "91"]
[EventDate "2007.??.??"]

{De laatste knsb ronde was een thuiswedstrijd tegen Purmerend. Euwe was al
veilig en kon vrijuit spelen. Purmerend had echter een matchpunt hard nodig
omdat mededegradatiekandidaat Unitas waarschijnlijk van VAS zou winnen.
Normaal is die kans klein, maar VAS zou maar met negen man waaronder vijf
invallers aantreden. Heel vervelend voor Purmerend temeer daar wij van plan
waren onze sportieve plicht te doen. Mijn tegenstander was nog ongeslagen en
vandaag leek me een geschikte dag om daar een eind aan te maken.} 1. Nf3 d6 2.
d4 Bg4 {Ik had gezien dat Hopman dit systeem vaak en met succes speelt, maar
me niet specifiek voorbereid omdat ik eigenlijk een van de andere spelers
verwachtte die veelal Koningsindisch spelen.} 3. c4 Nd7 4. Nc3 e6 ({Meestal
wordt hier} 4... e5 {gespeeld, zoals o.a. Aran Köhler een keer tegen mij
speelde.}) (4... g6 {is ook een zet.}) 5. g3 {6'} (5. e4) 5... Bxf3 6. exf3 c6
{3'} 7. d5 $1 {9' Soms onthoud ik wel eens iets dat ik geleerd heb. Tegen Rik
Salomons heb ik een keer d6-d5 toegelaten waarna zwart gelijk goed staat.} exd5
{6'} 8. cxd5 Ngf6 9. Bg2 {12' De eerste nieuwe zet.} (9. Bf4 {Daar zou ik nou
nooit opkomen.} Ne5 (9... Nb6 10. dxc6 bxc6 11. Ba6 Qd7 12. O-O Be7 13. Re1
Nbd5 14. Bd2 O-O {Lukacs - Nyback, Budapest 2002 (28.1/2-1/2)}) 10. Bg2 Be7 11.
Bxe5 dxe5 12. dxc6 bxc6 13. f4 Qc7 14. O-O exf4 15. Nb5 Qb6 16. Nd6+ Kf8 17.
Nf5 {Greenfeld - Sokolov,A Baile Herculane 1994 (37.1-0)}) (9. dxc6 bxc6 10.
Bg2 Be7 11. O-O O-O 12. b3 d5 13. Qc2 Nb6 14. Rd1 Nfd7 15. Ne2 Bf6 16. Bb2 Bxb2
17. Qxb2 Rc8 {Burkart - Sokolov,A Germany 1995 (30.0-1)}) 9... Be7 {11'} 10.
O-O O-O 11. f4 {22'} Rc8 {29' Zwart wil de spanning zo lang mogelijk handhaven.
Ik zat me hier af te vragen wat het beste plan is voor wit als zwart meteen
c6-c5 had gedaan. Op de damevleugel iets met b2-b4 of op de koningsvleugel
iets met g3-g4-g5. Allemaal niet zo makkelijk en ik ken ook geen
voorbeeldpartijen met deze pionnenstructuur.} 12. Be3 {25'} Nb6 13. Qb3 {28'} (
{Een ander plan was} 13. dxc6 bxc6 14. b3 d5 {maar ik zag niet hoe ik hier met
succes tegen de hangende pionnen kan spelen.}) 13... c5 {38'} (13... Nfxd5 14.
Bxd5 Nxd5 15. Nxd5 cxd5 16. Qxb7 $14 {lijkt me prettig voor wit.} ({of} 16.
Bxa7 $14)) 14. a4 {31'} Rb8 {Een lastige stelling. Zwart staat wat passief
maar solide. Ik besloot dat ik eerst een pion naar g5 wilde brengen om de
zwarte bewegingsvrijheid verder in te dammen. Daarna zie ik wel weer verder.}
15. Bf3 {47'} Qd7 {46'} 16. Qd1 {50'} Bd8 {48' Misschien met het idee om Pc4
en La5 te spelen.} ({Op} 16... Nc4 {had ik waarschijnlijk} 17. Bc1 {gedaan.} ({
Hoewel er ook wel iets valt te zeggen voor} 17. Qe2 Nxe3 18. fxe3)) 17. g4 {55'
} Ne8 {51'} 18. g5 {58'} f5 {52' Gooit de zaak resoluut dicht om Lg4 te
verhinderen. Het liefst zou ik nu g6 afdwingen en mijn zwarte loper op de
lange diagonaal zetten, maar er is een lange weg te gaan. Bijv. Kg2, Th1,
h2-h4-h5-h6, dame en loper op de lange diagonaal en mat op h8. Maar zwart mag
tussendoor ook zetten.} 19. Be2 Nc7 {58'} 20. h4 {1.10' Over 50'} a6 {1.05'
over 55'} ({Ik verwachtte} 20... Na6 {Een mogelijk vervolg is dan} 21. a5 Na8
22. h5 Nb4 23. Kh2 Nc7 24. Rg1 a6 25. h6 g6 26. Bc4 {en ik ben tevreden.}) 21.
Rb1 {Dreigt sterk b4 zodat het zwarte antwoord vrijwel gedwongen is.} ({
Het alternatief} 21. a5 {vond ik moeilijk te beoordelen. Zwart kan dan een
paard omspelen naar b5 maar misschien is dat niet erg.}) ({Ik keek ook nog naar
} 21. b4 cxb4 22. Bxb6 bxc3 23. Ba5 b5 24. Bxc3 {maar het beviel me niet dat
zwart nu ook aktief kan worden.}) 21... a5 {48'} 22. b3 {40'} Na6 {42'} 23. Bb5
{34' Misschien moet ik hier anders spelen. Ik wilde mijn dame op f3 zetten om
h5 en d5 in de gaten te houden en ik wilde voorlopig niet mijn loper laten
ruilen tegen een paard.} ({Maar na} 23. Bc4 Nxc4 24. bxc4 Nb4 {staat wit toch
ook beter.}) 23... Qf7 {41' met remiseaanbod, wat ik na kort overleg met Arne
weigerde.} 24. Qf3 {33'} Nb4 25. Rbd1 $6 {Slordig gespeeld.} ({Beter was} 25.
Rb2 $1 {Ik dacht dat het paard op b4 geen kwaad kon, maar het was me ontgaan
dat zwart zijn paard zijn paard naar a3 kon brengen.}) 25... Nc2 {35'} 26. Rd3
{31'} Na8 {32'} 27. Rc1 Na3 {Gemist.} 28. Rd2 {28'} Nxb5 $6 {28'} ({In
aanmerking kwam} 28... Nc7 $5 29. Bc4 {Of zijn andere loperzetten beter?} (29.
Bf1 b5 30. Ra1 b4 $13) 29... b5 30. Nxb5 Ncxb5 31. axb5 Qd7 {Onduidelijk.} (
31... Nxb5 $2 32. Bxc5 $1)) 29. Nxb5 Qd7 $2 {Zwart dacht dat hij na het
volgende offer ook kansen zou krijgen.} ({Na} 29... Bc7 {staat wit slechts
iets beter.}) 30. Nxd6 $1 {15'} Qxd6 31. Bxc5 Qd7 {21'} ({Op} 31... Qc7 {was ik
} 32. Rdc2 {van plan} ({maar de computer geeft de voorkeur aan} 32. Qe3 $1 {
met het idee} b6 33. Ba3 Qd7 34. Bxf8 Kxf8 35. Qe5 {met groot voordeel.})) 32.
Bxf8 Kxf8 33. d6 {14'} Nb6 {18'} (33... b5 34. axb5 Qxb5 35. Re2 Qd7 36. Rce1 {
met de dreiging Dh5 en zwart heeft geen zetten meer. Bijv.} Qxd6 $2 37. Re8+
Kf7 38. Qh5+) 34. Rc5 $6 {12'} ({Veel sterker was} 34. Re1 $1 Nc8 35. Qh5 $18)
34... Rc8 {16'} 35. Qe3 {11'} (35. Re5 $5) 35... Rxc5 36. Qxc5 Qe6 {13'} 37.
Kf1 {9' Ik was tijdens de partij wel tevreden over deze zet, maar hij was
nergens voor nodig.} ({Sterk was} 37. d7+ Kf7 38. Rd6 Qe1+ 39. Kh2 Qe4 40. Rd4
Qe6 41. Qxa5 $18) ({en ook het simpele} 37. Qxa5 {wint eenvoudig. Dat laatste
had ik wel gezien, maar ik wilde me niet laten afleiden door zo'n pionnetje.})
37... Qe4 38. Rd4 {7'} ({Ook goed was eerst} 38. d7+ Kf7 {en dan pas} 39. Rd4
$18) 38... Qh1+ {10'} (38... Nd7 39. Qc8 Qe8 40. Rd1 $18) 39. Ke2 Qb1 {8'} 40.
Rd3 {5'} (40. d7+ Kf7 41. Qc8 $18) 40... Qb2+ {6' Beiden een uur erbij voor de
rest van de partij.} 41. Kf3 g6 42. d7+ {50'} Kf7 {1.04'} (42... Kg7 43. Qd6)
43. Qe3 $1 Qh8 {1.03'} 44. Rd6 Na8 {1.02' Hier constateerde ik tevreden dat
mijn stratp de onderste rij en de koning wacht gelaten zijn lot af.} 45. Qe6+ {
48'} Kg7 46. Qe5+ {46' en Pieter feliciteerde me. We wonnen uiteindelijk met
71/2-21/2 waardoor Purmerend is gedegradeerd dankzij een staaltje
competitievervalsing van VAS. Later op de avond kwam de droevige mededeling
dat zowel ons tweede als het derde waren gedegradeerd op bordpunten. Erg
triest voor de club.} 1-0

[Event "Euwe Intern Playoffs"]
[Site "?"]
[Date "2007.06.21"]
[Round "3"]
[White "Van der Weide, Piet"]
[Black "Witt, Rob"]
[Result "0-1"]
[WhiteElo "2180"]
[BlackElo "2220"]
[PlyCount "58"]
[EventDate "2007.??.??"]

{De beslissende partij van de playoffs. Piet had zowel van Rob Bödicker als
van Alje gewonnen. Zelf had ik beide keren remise gespeeld waarbij ik tegen
Bödicker de winst gemist had. Ik zat er niet echt mee omdat ik dacht dat ik
bij winst op Piet kampioen zou zijn op grond van Sonnenborn-Berger en/of
onderlinge partij, zoals in een vierkamp gebruikelijk is. Vlak voor de partij
hoorde ik echter tot mijn ongenoegen dat Rik besloten had dat er dan
gevluggerd moest worden. Met gemengde gevoelens en onder begeleiding van
luidruchtige feestmuziek uit de bar begon ik aan de partij.} 1. d4 {Hoewel
Piet de laatste jaren altijd d4 tegen mij opent had ik nu 1.e4 verwacht en dan
2.d3 of 2.De2 tegen mijn Frans. Of zou ik iets anders gespeeld hebben?} d5 2.
Nf3 Nf6 3. e3 e6 4. Bd3 c5 5. c3 {De Colle-Koltanovski, zoals Piet de laatste
tijd graag speelt. Ik had er vlak voor de partij nog een half uurtje naar
gekeken. Gewoon ouderwets in een boek, want ik zat al een week zonder computer.
} ({Een interessant alternatief is} 5. b3 Nc6 6. O-O Bd6 7. Bb2 O-O 8. Nbd2 {
De zogenaamde Colle-Zukertort die vaak door Yusupov gespeeld wordt.}) 5... Nc6
6. Nbd2 Bd6 7. O-O O-O 8. Qe2 {3'} (8. dxc5 Bxc5 9. e4 {kan ook.}) 8... Qc7 {4'
} (8... e5 9. dxc5 Bxc5 10. e4 Bg4 $13 {is een andere methode.}) 9. dxc5 Bxc5
10. e4 h6 {Er zijn meer goede opstellingen mogelijk tegen de Colle, maar deze
bevalt mij momenteel het best.} 11. exd5 $6 {6' In combinatie met De2 is dit
niet zo logisch. Als wit tegen de geïsoleerde pion wil spelen is het
nauwkeuriger om de dame op d1 te laten. De gebruikelijkste zetten zijn:} (11.
Bc2) (11. h3) 11... exd5 12. Nb3 Bb6 {10'} ({Ik hield me zo bezig met de keuze
tussen Lb6 en Ld6 dat ik helemaal vergat om} 12... Re8 {in te lassen.}) 13. Be3
{10'} Re8 {12'} 14. Bxb6 Qxb6 ({Piet zei achteraf dat hij} 14... axb6 {
verwacht had à la Keres, maar ik speel geen zetten die ik niet snap, ook al
vindt Rybka het de beste.}) 15. Qc2 Bg4 {14'} 16. Nbd4 {12'} Rac8 {15'} 17.
Rfe1 $2 {15' Een grote fout.} ({Na afloop stelde Piet voor} 17. Bf5 {maar dat
is iets beter voor zwart na} Nxd4 18. Nxd4 Bxf5 19. Nxf5 {en nu het verrassende
} g6 $1 {Die hadden we niet gezien.} 20. Ng3 (20. Nxh6+ $2 Kg7 21. Qd2 Rh8 22.
g4 Rxh6 23. g5 Rh4 24. gxf6+ Qxf6 {is duidelijk beter voor zwart.}) 20... d4
$15) ({Het beste was waarschijnlijk} 17. Qb3 {met gelijke kansen.}) 17... Rxe1+
{18'} 18. Rxe1 Bxf3 $2 {A tempo gespeeld! Ik had al meteen gezien dat dit goed
voor zwart was en keek daarom niet naar een alternatief.} ({Veel sterker was
direkt} 18... Nb4 {bijv.} 19. Qb1 Nxd3 20. Qxd3 Qxb2 $17 {met groot voordeel.})
19. Nxc6 {18' Deze mogelijkheid was me ontgaan.} ({Ik had alleen gekeken naar} 
19. Nxf3 Nb4 20. Qb1 ({Wit heeft echter het verrassende} 20. Bh7+ Nxh7 21. Qf5
$1 {en na bijv.} Rd8 22. cxb4 Qxb4 {is het zwarte voordeel minder groot dan in
die andere variant.}) 20... Nxd3 21. Qxd3 Qxb2 $17 {en zwart staat vrijwel op
winst.}) 19... Qxc6 {19'} 20. gxf3 d4 {34' Ik had hier lang gekeken naar
mogelijke opstellingen met een paard op f4, maar ik kwam tot de conclusie dat
dit toch het beste was. Na het uitvoeren van deze zet ging ik naar de bar en
begon daar na te denken over dat vluggeren in het geval ik zou winnen. Ik
besloot om dat niet te doen.} 21. Bf5 {20'} Rc7 $1 {Bij terugkomst speelde ik
deze zet a tempo. Ik dacht na Piets antwoord echter dat dit een blunder was
die het voordeel weggegeven had. Dat blijkt niet waar te zijn.} (21... Rd8 22.
Qd3 Qb6) 22. Qd3 {21' Die had ik gemist evenals Dd2 die misschien beter was
geweest. Ik zag niet wat ik moest doen en balend besloot ik tenslotte tot} Qd5
$2 {41' Zoals Rik achteraf terecht opmerkte, beschikte ik hier over het sterke}
(22... g6 $1 23. Be4 ({Ik had g6 niet serieus genomen wegens} 23. Bxg6 $2 {
maar dat kan helemaal niet wegens} fxg6 24. Qxg6+ Rg7 {met damewinst.}) 23...
Nxe4 24. Rxe4 dxc3 25. Qd8+ Kh7 26. bxc3 Qxc3 27. Kg2 a6 {en zwart heeft goede
winstkansen.}) 23. cxd4 $6 {23'} ({Ik was blij dat Piet niet koos voor} 23.
Qxd4 $1 {Ik heb niet beter dan} Qxd4 24. cxd4 g6 25. Bb1 ({of} 25. Be4 Nxe4 26.
fxe4 Rc2 $13) 25... Nd5 {en hoewel ik compensatie heb voor de pion, kan ik
winstkansen wel vergeten.}) 23... Qxa2 $6 {46'} ({Opnieuw had ik moeten kiezen
voor de zet die ik nooit overwoog.} 23... g6 $1 24. Be4 Qxa2 {en ik heb liever
zwart.}) ({Mijn enige alternatief wasin mijn ogen} 23... Qa5) 24. Qb5 {24' 
Waarschijnlijk toch een goede zet.} ({Tijdens de partij was ik veel banger voor
} 24. d5 $5 {maar het valt mee na het geplande} Qa5 25. Rd1 Rc5 26. Be4 ({
We keken ook naar} 26. b4 Qxb4 27. d6 Qa5 (27... Rd5 $2 28. Qxd5 Nxd5 29. Rxd5
$16 (29. d7 $2 Qd6 $1)) 28. Be4 (28. d7 Qd8 $13) 28... Nd7 29. Bxb7 $13) 26...
Qc7 27. d6 Qd7 $13) 24... g6 {51'} 25. Qe5 {29'} Nd5 $1 (25... Rc6 $2 26. Bxg6
$1 fxg6 $2 (26... Qxb2 27. Qe7 Qb3 28. Kg2 $14) 27. Qb8+ Kf7 28. Qxb7+) 26. Bd7
$6 {Wit nog 55'. Tijdens de partij vond ik deze verrassende zet wel goed. Maar
beter was toch hetnormale} (26. Be4 {bijv.} Re7 27. Qd6 Re6 28. Qb8+ Kg7 29.
Qxb7 {met een onduidelijke stelling na bijv.} Qa5 $13) 26... Kh7 {Zwart nog
36' . Vanaf hier begon ik er weer vertrouwen in te krijgen. Ik kon merken dat
Piet het spoor bijster begon te raken.} (26... Qc4) 27. Qd6 {53'} Qc4 {33'} 28.
Re5 $2 {47' Verliezend.} ({Noodzakelijk was} 28. Re4 Qc1+ 29. Kg2 Qg5+ 30. Rg4
Qd8 31. Qxd5 Rxd7 {met een beter eindspel voor zwart.}) 28... Nf4 $2 {31' Ik
dacht ten onrechte dat dit simpel won.} ({Wel simpel was} 28... Qc1+ 29. Kg2
Nf4+ 30. Kg3 Nd3 31. Kg2 Rc2 $19) 29. Re1 $2 {A tempo gespeeld! Er was echter
nog een verdediging.} (29. Bb5 $1 Qc1+ 30. Bf1 {En het is niet zo duidelijk
hoe zwart nu het beste verder gaat. Een mogelijkheid is} Nh3+ ({Een andere
mogelijkheid is} 30... Ne6 31. Re3 (31. d5 $2 Qd1 $1 $19) 31... Qd2 $17) 31.
Kg2 Rc2 32. Qf6 Qf4 ({Vooral niet} 32... Rxf2+ $2 33. Kg3 $1) 33. Qxf4 Nxf4+
34. Kg3 g5 35. h4 Kg6 $17) 29... Qe2 $1 {en Piet feliciteerde me. Zoals al
eerder gezegd claim ik de titel op grond van Sonnenborn-Berger, maar omdat er
geen reglement is kan ik er ook mee leven als het bestuur beslist dat de titel
gedeeld wordt. Wellicht kan de penningmeester nog in zijn overwegingen
meenemen dat alleen "Witt" op de beker de minste graveerkosten betekent?} 0-1